Mark / (Record no. 7794)

MARC details
000 -LEADER
fixed length control field 01049 a2200229 4500
003 - CONTROL NUMBER IDENTIFIER
control field GBCCL
005 - DATE AND TIME OF LATEST TRANSACTION
control field 20241126110637.0
008 - FIXED-LENGTH DATA ELEMENTS--GENERAL INFORMATION
fixed length control field 180925b ||||| |||| 00| 0 eng d
020 ## - INTERNATIONAL STANDARD BOOK NUMBER
International Standard Book Number 9780805402025
020 ## - INTERNATIONAL STANDARD BOOK NUMBER
International Standard Book Number 0805402020
040 ## - CATALOGING SOURCE
Transcribing agency GBC
082 ## - DEWEY DECIMAL CLASSIFICATION NUMBER
Classification number 225.7
Item number HOL
100 ## - MAIN ENTRY--PERSONAL NAME
Personal name Cooper, Rodney L.
9 (RLIN) 13596
245 ## - TITLE STATEMENT
Title Mark /
Statement of responsibility, etc. Rodney L. Cooper ; general editor, Max Anders.
260 ## - PUBLICATION, DISTRIBUTION, ETC.
Place of publication, distribution, etc. Nashville, Tenn. :
Name of publisher, distributor, etc. Broadman & Holman,
Date of publication, distribution, etc. ©2000.
300 ## - PHYSICAL DESCRIPTION
Extent 495p. ;
440 ## - SERIES STATEMENT/ADDED ENTRY--TITLE
Title Holman New Testament commentary, 2.
9 (RLIN) 13614
505 ## - FORMATTED CONTENTS NOTE
Formatted contents note Front Cover --<br/>Half Title --<br/>Title Page --<br/>Copyright --<br/>Dedication --<br/>Contents --<br/>Editorial Preface --<br/>Holman Old Testament Contributors --<br/>Holman New Testament Contributors --<br/>Introduction to Mark --<br/>Mark 1 --<br/>Mark 2 --<br/>Mark 3 --<br/>Mark 4 --<br/>Mark 5 --<br/>Mark 6 --<br/>Mark 7 --<br/>Mark 8 --<br/>Mark 9 --<br/>Mark 10 --<br/>Mark 11 --<br/>Mark 12 --<br/>Mark 13 --<br/>Mark 14 --<br/>Mark 15 --<br/>Mark 16 --<br/>Glossary --<br/>Bibliography.
650 ## - SUBJECT ADDED ENTRY--TOPICAL TERM
Topical term or geographic name entry element Bible. -- Mark -- Commentaries.
9 (RLIN) 11783
650 ## - SUBJECT ADDED ENTRY--TOPICAL TERM
Topical term or geographic name entry element Bible. -- Mark.
9 (RLIN) 13597
942 ## - ADDED ENTRY ELEMENTS (KOHA)
Source of classification or shelving scheme Dewey Decimal Classification
Koha item type Reference Books
Holdings
Withdrawn status Lost status Source of classification or shelving scheme Damaged status Not for loan Home library Current Library Shelving location Date acquired Source of acquisition Cost, normal purchase price Total checkouts Full call number Barcode Date last seen Copy number Cost, replacement price Price effective from Koha item type
    Dewey Decimal Classification     GRACE BIBLE COLLEGE GRACE BIBLE COLLEGE Commentary 2018-09-24 7 1050.00   225.7 HOL 014837 2025-05-01 v.2 1400.00 2018-09-24 Reference Books
© Grace Bible College Library 2025